000 01347cab a2200241 4500
001 ##L132618
008 060223n2006 000 0 eng u
035 _a(Sirsi) u132618
041 0 _aeng
100 1 _aVollans, Gavin
245 0 0 _aOn a break
260 _c2006
490 0 _aSolicitors' Journal
_v150(6) 17 February 2006, 180-181(2)
520 _aExamines break clauses in leases, in the light of the decision in "Fitzroy House Epworth Street (No 1) Ltd v The Financial Times Ltd" ([2005] EWHC 2391 TCC, L132147). Warns that landlords must co-operate with tenants in any proposals to break the lease, and must not ignore the tenant or be deliberately obstructive. Tenants must take reasonable steps to ensure compliance with any preconditions in the break clause.
590 _aIKA280206
650 2 4 _aFITZROY HOUSE EPWORTH STREET (NO 1) LTD AND FITZROY HOUSE EPWORTH STREET (NO 2) LTD V THE FINANCIAL TIMES LTD
650 2 4 _aREED PERSONNEL SERVICES V AMERICAN EXPRESS EUROPE
650 2 4 _aUNITED SCIENTIFIC HOLDINGS LTD V BURNLEY BC
650 2 4 _aJOHN LAING CONSTRUCTION LTD V AMBER PASS LTD
650 2 4 _aCOMMERCIAL UNION LIFE ASSURANCE CO LTD V LABEL INK LTD
690 _aPROPERTY-COMMERCIAL PROPERTY-LEASEHOLD COMMERCIAL PROPERTY-COMMERCIAL LANDLORD AND TENANT-COMMERCIAL LEASES-BREACHING COMMERCIAL LEASES
942 _n0
999 _c76527
_d76527